000 02143cam a2200169 4500500
005 20251228051729.0
041 _afre
042 _adc
100 1 0 _aMasujima, Toshiyuki
_eauthor
245 0 0 _aLa réforme administrative au Japon : phénomènes passés et évolutions futures
260 _c2005.
500 _a10
520 _aRésuméCet article examine la place qu’a occupé la réforme des ministères du gouvernement central — les réformes « Hashimoto » dans le contexte de la réforme administrative au cours de la seconde moitié du 20ème siècle. Dans la première partie, nous décrivons les réformes administratives entreprises par les gouvernements successifs et en particulier les réformes Hashimoto, en comparaison avec les précédentes réformes « Rinchô », extrêmement fructueuses. Nous abordons également les points de controverse propres aux réformes Hashimoto et analysons les conséquences de ces réformes sur l’État japonais au 21ème siècle. Nous évoquons également brièvement les réformes administratives mises en œuvre par le gouvernement en 2004.
520 _aAdministrative reform in Japan: past developments and future trendsThis article examines the place that the reform of central government ministries — the ‘Hashimoto reforms’— has occupied within the context of administrative reform in the last half of the 20th century. The first part traces the administrative reforms attempted by successive governments, with particular reference to the Hashimoto reforms in comparison with the earlier highly productive ‘Rinchô’reforms. The article also identifies the controversial points inherent in the Hashimoto reforms and considers the implications of these reforms for Japanese government in the 21st century. Brief reference is also made to the administrative reforms being pursued by the government as of 2004.
786 0 _nRevue Internationale des Sciences Administratives | 71 | 2 | 2005-06-01 | p. 311-325 | 0303-965X
856 4 1 _uhttps://droit.cairn.info/revue-internationale-des-sciences-administratives-2005-2-page-311?lang=fr&redirect-ssocas=7080
999 _c1582116
_d1582116